000 00980cam a22002774a 4500
001 3103119
003 ARRUPE
005 20130918143027.0
008 990506s2000 njua b 001 0 eng
010 _a 99023787
020 _a0130206814
040 _aDLC
_cDLC
_dDLC
042 _apcc
050 0 0 _aT14.5
_b.A43 2000
082 0 0 _a303.48/3
_221
100 1 _aAlcorn, Paul A.
_9587
245 1 0 _aSocial issues in technology :
_ba format for investigation/
_cPaul A. Alcorn.
250 _a3rd ed.
260 _aUpper Saddle River, NJ :
_bPrentice Hall,
_c2000.
300 _ax, 291 p. :
_bill. ;
_c23 cm.
504 _aIncludes bibliographical references.
650 0 _aTechnology
_xSocial aspects.
_9588
906 _a7
_bcbc
_corignew
_d1
_eocip
_f19
_gy-gencatlg
942 _2lcc
_cMONOGRAPH
999 _c117885
_d117885